[Event "Belgrade op"]
[Site "Belgrade"]
[Date "1989.??.??"]
[Round "3"]
[White "Petrovic, Zoran"]
[Black "Ilic, Dragan"]
[Result "0-1"]
[WhiteElo "2245"]
[BlackElo "2400"]

1.e4 e6 2.d4 d5 3.Nd2 Nc6 4.Ngf3 Nf6 5.e5 Nd7 6.Bb5 f6 7.Nb3 fxe5 8.dxe5 Be7
9.O-O O-O 10.Bxc6 bxc6 11.Na5 Nb8 12.Nd4 Qe8 13.f4 c5 14.Nf3 c4 15.a3 c5
16.b3 c3 17.Qe1 Qb5 18.Qxc3 Bd8 19.b4 Bb6 20.Kh1 Qxf1+  0-1

[Event "Bern op"]
[Site "Bern"]
[Date "1989.??.??"]
[Round "?"]
[White "Gavrikov, Viktor"]
[Black "Gallagher, Joseph G"]
[Result "0-1"]
[WhiteElo "2535"]
[BlackElo "2405"]

1.e4 e6 2.d4 d5 3.Nd2 a6 4.Bd3 c5 5.dxc5 Bxc5 6.Ngf3 Nf6 7.O-O Nc6 8.a3 dxe4
9.Nxe4 Nxe4 10.Bxe4 Qxd1 11.Rxd1 Bd7 12.Ng5 Nd8 13.Bf3 f5 14.Be2 Be7 15.Bc4 Bf6
16.c3 Rc8 17.Bb3 h6 18.Nf3 Nc6 19.Re1 Ke7 20.Bf4 g5 21.Be5 g4 22.Rad1 gxf3
23.Bxf6+ Kxf6 24.Rxd7 Ne5 25.Rd6 Rc6 26.Red1 Ke7 27.Rxc6 bxc6 28.Ba2 Rg8
29.g3 c5 30.Kf1 Rb8 31.Rd2 c4 32.Bb1 h5 33.Ba2 a5 34.Ke1 h4 35.gxh4 Rg8 36.Rd4 Rg1+
37.Kd2 Rg2 38.Ke3 Ng4+ 39.Kxf3 Rxf2+ 40.Kg3 Rxb2 41.Bxc4 Rc2 42.Bb5 Rxc3+
43.Rd3 Rc2 44.h3 Nf2 45.Rb3 Kf6 46.Bd3 Nxd3 47.Rxd3 a4 48.h5 Kg5 49.Rd6 e5
50.h6 f4+ 51.Kf3 Kf5 52.Rd5 Rh2 53.Ra5 Rxh3+ 54.Kg2 Rxh6 55.Rxa4 Rd6 56.Ra5 Rd2+
57.Kf3 Rb2 58.a4 Ra2  0-1

[Event "Bern"]
[Site "Bern"]
[Date "1989.??.??"]
[Round "?"]
[White "Campora, Daniel H"]
[Black "Gurevich, Mikhail"]
[Result "1-0"]
[WhiteElo "2500"]
[BlackElo "2590"]

1.e4 e6 2.d4 d5 3.Nd2 a6 4.Ngf3 c5 5.dxc5 Bxc5 6.Bd3 Nc6 7.O-O Nf6 8.Qe2 Qc7
9.a3 Bd7 10.c4 dxc4 11.Bxc4 Ng4 12.g3 h5 13.b4 Ba7 14.Bb2 h4 15.e5 hxg3 16.hxg3 f6
17.Rac1 Ngxe5 18.Bxe5 Nxe5 19.Bxe6 Bc6 20.Bd5 O-O-O 21.Nxe5 Rxd5 22.Qg4+ Kb8
23.Nxc6+ bxc6 24.Nf3 Rd3 25.Kg2 Rxa3 26.Qe4 Qd7 27.g4 Re8 28.Qf4+ Qc7 29.Qc4 Rd8
30.Rcd1 Rxd1 31.Rxd1 Ka8 32.Re1 Bb8 33.Re6 Kb7 34.Qe4 Qb6 35.Nd4 Rc3 36.Nf5 Ka8
37.Nd6 Qc7 38.f4 Rb3 39.Nc4 Qb7 40.Rxc6 Rxb4 41.Rxa6+ Ba7 42.Rc6 Bb8 43.Kf2 Ba7+
44.Ke2 Bb8 45.Qf3 Bxf4 46.Rc8+ Ka7 47.Qa3+ Qa6 48.Ra8+ Kxa8 49.Qxa6+ Kb8
50.Qe6 Bc7 51.Kd3 Rb3+ 52.Kd4 Rb7 53.Kd5 Bh2 54.Na5 Rb5+ 55.Kc6 Rb2 56.Nb3 Rc2+
57.Nc5 Rb2 58.Nd7+  1-0

[Event "Bern op"]
[Site "Bern"]
[Date "1989.??.??"]
[Round "?"]
[White "Trepp, Markus"]
[Black "King, Daniel J"]
[Result "1-0"]
[WhiteElo "2365"]
[BlackElo "2500"]

1.e4 e6 2.d4 d5 3.Nd2 a6 4.Ngf3 c5 5.exd5 exd5 6.dxc5 Bxc5 7.Nb3 Ba7 8.Bd3 Qe7+
9.Qe2 Nc6 10.Bg5 Qxe2+ 11.Kxe2 Bg4 12.Rhe1 Nge7 13.h3 Bh5 14.Bxe7 Nxe7 15.Kf1 Bxf3
16.gxf3 Rc8 17.Rac1 b5 18.a4 bxa4 19.Bxa6 Rb8 20.Na5 Kd7 21.c4 Ng6 22.Bb5+ Kd6
23.Nc6 Rb7 24.Bxa4 Bc5 25.Rcd1 Nf4 26.Re4 g5 27.Rxf4 gxf4 28.Rxd5+ Kc7 29.Rxc5 Rxb2
30.Ne5+ Kd6 31.Rd5+ Ke7 32.Nd3 Rb1+ 33.Ke2 Ra8 34.Bc2 Ra2 35.Kd2 Rh1 36.Rh5 Kf8
37.Rxh7 Kg8 38.Rh4  1-0

[Event "Biel op"]
[Site "Biel"]
[Date "1989.??.??"]
[Round "1"]
[White "Har Zvi, Shai"]
[Black "Gallagher, Joseph G"]
[Result "0-1"]
[WhiteElo "2245"]
[BlackElo "2445"]

1.e4 e6 2.d4 d5 3.Nd2 Nc6 4.c3 dxe4 5.Nxe4 Qd5 6.Qf3 e5 7.Nd2 Qxf3 8.Ngxf3 exd4
9.Nxd4 Nxd4 10.cxd4 Be6 11.Bc4 O-O-O 12.Bxe6+ fxe6 13.O-O Rxd4 14.Nf3 Rd5
15.Ng5 Nf6 16.Nxe6 Bd6 17.Nf4 Rf5 18.g3 Re8 19.Be3 g5 20.Ng2 Ng4 21.Rfd1 Kb8
22.Rac1 b6 23.Rc2 Kb7 24.h3 Ne5 25.Ne1 h6 26.Kg2 Nc6 27.a3 Rf7 28.Nf3 Ne7
29.Nd4 Nd5 30.Bc1 Bf8 31.Re2 Rd8 32.Ne6 Ne3+ 33.Bxe3 Rxd1 34.Bd2 Re7 35.Bb4 c5
36.Bd2 Rxe6 37.Rxe6 Rxd2 38.Rf6 Rd8  0-1

[Event "Biel op"]
[Site "Biel"]
[Date "1989.??.??"]
[Round "5"]
[White "Wahls, Matthias"]
[Black "Gallagher, Joseph G"]
[Result "1-0"]
[WhiteElo "2535"]
[BlackElo "2445"]

1.e4 e6 2.d4 d5 3.Nd2 Nc6 4.c3 dxe4 5.Nxe4 Qd5 6.Nd2 e5 7.Ngf3 exd4 8.Bc4 Qf5
9.Nxd4 Nxd4 10.cxd4 Be6 11.Qa4+ Bd7 12.Qb3 O-O-O 13.O-O Bd6 14.Nf3 f6 15.Re1 Ne7
16.Bd2 Kb8 17.d5 c5 18.Ba5 Rde8 19.Nd2 Qh5 20.h3 Ka8 21.Ne4 Nc8 22.Qa3 b5
23.Bxb5 Bxb5 24.Nxd6 Nxd6 25.Qxc5 Bc4 26.Qxd6 Qxd5 27.Qa3 Rxe1+ 28.Rxe1 Rb8
29.Bc7 Rc8 30.Re7 Qd1+ 31.Kh2 Qd4 32.Qb4 Qd5 33.Bb6 axb6 34.Qxb6  1-0

[Event "Buenos Aires TB"]
[Site "Buenos Aires"]
[Date "1989.??.??"]
[Round "?"]
[White "Tsuboi, Edson Kenji"]
[Black "Zarnicki, Pablo"]
[Result "0-1"]
[WhiteElo "2305"]
[BlackElo "2385"]

1.e4 e6 2.d4 d5 3.Nd2 Be7 4.Ngf3 Nf6 5.e5 Nfd7 6.Bd3 c5 7.c3 Nc6 8.O-O Qb6
9.Re1 g5 10.h3 h5 11.c4 g4 12.hxg4 hxg4 13.Nh2 g3 14.fxg3 cxd4 15.cxd5 exd5
16.Ndf3 Nc5 17.a3 a5 18.Bg5 Qxb2 19.Bxe7 Nxe7 20.Rb1 Qxa3 21.Bb5+ Kf8 22.Qxd4 Ne6
23.Qf2 Qc5 24.Ng4 Qxf2+ 25.Kxf2 Nc5 26.Nf6 Ne4+ 27.Ke3 Kg7 28.Ne8+ Kf8 29.Nf6 Bf5
30.Rh1 Kg7 31.Kf4 Nxf6 32.exf6+ Kxf6 33.Rbd1 Rxh1 34.Rxh1 a4 35.g4 Ng6+ 36.Kg3 Be4
37.g5+ Ke7 38.Nd4 a3  0-1

[Event "Buenos Aires TB"]
[Site "Buenos Aires"]
[Date "1989.??.??"]
[Round "?"]
[White "Rocha, Antonio"]
[Black "Zarnicki, Pablo"]
[Result "1-0"]
[WhiteElo "2330"]
[BlackElo "2385"]

1.e4 e6 2.d4 d5 3.Nd2 Nc6 4.Ngf3 Nf6 5.e5 Nd7 6.Bb5 Be7 7.O-O O-O 8.c3 a6
9.Bd3 f6 10.exf6 Bxf6 11.Re1 e5 12.Qb3 Kh8 13.Qxd5 Ne7 14.Qe4 g6 15.Qe2 exd4
16.Ne4 Nc6 17.Nxf6 Nxf6 18.Bg5 Bg4 19.h3 Bxf3 20.Qxf3 Qd6 21.Bf4 Qd7 22.Bh6 Qd6
23.Bxf8 Rxf8 24.cxd4 Nxd4 25.Qe3 c5 26.Qe7 Rd8 27.Qxb7 Qf4 28.Qf7 Qg5 29.Re3 Nd5
30.Re4 Nf6 31.Re3 Nd5 32.h4 Qf4 33.Re8+  1-0

[Event "Buenos Aires BCA op"]
[Site "Buenos Aires"]
[Date "1989.??.??"]
[Round "4"]
[White "Olivieri, Martin"]
[Black "Zarnicki, Pablo"]
[Result "0-1"]
[WhiteElo "2265"]
[BlackElo "2385"]

1.e4 e6 2.d4 d5 3.Nd2 Nc6 4.Ngf3 Nf6 5.e5 Nd7 6.c3 f6 7.exf6 Qxf6 8.Bb5 Bd6
9.O-O O-O 10.Re1 e5 11.Qb3 Qf7 12.Ne4 Na5 13.Nxd6 cxd6 14.Qc2 e4 15.Ng5 Qg6
16.Qa4 Nc6 17.Qb3 Nb6 18.a4 Qf5 19.f3 Na5 20.Qa2 exf3 21.Nxf3 Bd7 22.Bxd7 Nxd7
23.Bf4 Nc4 24.Bg3 Rae8 25.b3 Ne3 26.Qd2 Qe4 27.Bxd6 Rf6 28.Ng5 Qg6 29.Rxe3 Rxd6
30.Rxe8+ Qxe8 31.Re1 Qg6 32.Qf4 Rf6 33.Qg3 Qc2 34.Qe3 Qxb3 35.Nf3 Nf8 36.h3 Qxa4  0-1

[Event "Caorle op"]
[Site "Caorle"]
[Date "1989.??.??"]
[Round "3"]
[White "Dilic, R."]
[Black "Sgaravatti, Francesco"]
[Result "1-0"]
[WhiteElo "1900"]
[BlackElo "2085"]

1.e4 e6 2.d4 d5 3.Nd2 a6 4.Ngf3 Nf6 5.Bd3 c5 6.c3 Nc6 7.O-O c4 8.Bc2 Be7
9.Re1 O-O 10.e5 Ne8 11.Nf1 f5 12.exf6 gxf6 13.Bh6 Ng7 14.Ng3 Qe8 15.Qd2 Qf7
16.Rad1 Kh8 17.Qf4 Bd7 18.b3 cxb3 19.axb3 Rac8 20.Re2 Na7 21.c4 dxc4 22.Qe4 Ne8
23.Bxf8 Nd6 24.Qf4 Bxf8 25.Ne4 Nab5 26.Re3 Nf5 27.Ree1 Bh6 28.Qg4 Na3 29.Bb1 c3
30.Rc1 Bxc1 31.Rxc1 c2 32.Ba2 Nb5 33.b4 Nbxd4 34.Nxd4 Nxd4 35.Nd6 Qg6 36.Qxd4 Bc6
37.g3 e5 38.Qd2 Rc7 39.Rxc2 Rd7 40.Be6 Re7 41.Bf5 Qh5 42.Be4 Bxe4 43.Nxe4 Kg7
44.Rc8 Qf5 45.Qd8 Rd7 46.Qh8+ Kh6 47.Qxf6+ Qxf6 48.Nxf6 Rd4 49.Rg8 Rxb4 50.g4  1-0

[Event "Caorle op"]
[Site "Caorle"]
[Date "1989.??.??"]
[Round "5"]
[White "Loncar, Robert"]
[Black "Drasko, Milan"]
[Result "1/2-1/2"]
[WhiteElo "2000"]
[BlackElo "2505"]

1.e4 e6 2.d4 d5 3.Nd2 Nc6 4.Ngf3 Nf6 5.e5 Nd7 6.Nb3 a5 7.a4 b6 8.c3 Bb7 9.Ng5 Qe7
10.Bd3 h6 11.Nh3 O-O-O 12.O-O f5 13.exf6 Qxf6 14.f4 Bd6 15.Nd2 Ne7 16.Nf3 c5  1/2-1/2

[Event "Caorle op"]
[Site "Caorle"]
[Date "1989.??.??"]
[Round "7"]
[White "Maksimovic, Branimir"]
[Black "Ilic, Dragan"]
[Result "1/2-1/2"]
[WhiteElo "2425"]
[BlackElo "2390"]

1.e4 e6 2.d4 d5 3.Nd2 Nc6 4.Ngf3 Nf6 5.e5 Nd7 6.Bd3 Nb4 7.Be2 c5 8.c3 Nc6
9.Bd3 Be7 10.O-O cxd4 11.cxd4 O-O 12.Re1 f6 13.Qc2 f5 14.a3 a5 15.Nf1  1/2-1/2

[Event "Chanac op"]
[Site "Chanac"]
[Date "1989.??.??"]
[Round "?"]
[White "Sellos, Didier"]
[Black "Prie, Eric"]
[Result "0-1"]
[WhiteElo "2425"]
[BlackElo "2405"]

1.e4 e6 2.d4 d5 3.Nd2 Nc6 4.Ngf3 Nf6 5.e5 Nd7 6.Be2 Be7 7.O-O f6 8.exf6 Bxf6
9.c3 O-O 10.Re1 e5 11.Qb3 Nb6 12.dxe5 Nxe5 13.Nxe5 Bxe5 14.Nf3 Bd6 15.Bg5 Qe8
16.Bh4 Qh5 17.Bg3 Bxg3 18.hxg3 Bg4 19.Nd4 Bxe2 20.Rxe2 Rf6 21.Rae1 Rh6 22.f3 c5
23.Ne6 Qh2+ 24.Kf2 Rh3 25.g4 Qg3+ 26.Ke3 Rh2 27.Qb5 Rxg2 28.Nxc5 Rxe2+ 29.Rxe2 Nc4+
30.Kd4 Qf4+ 31.Ne4 Qe5+ 32.Kc5 Rc8+  0-1

[Event "Dortmund op"]
[Site "Dortmund"]
[Date "1989.??.??"]
[Round "11"]
[White "Armas, Iulius"]
[Black "Ilic, Dragan"]
[Result "1-0"]
[WhiteElo "2455"]
[BlackElo "2390"]

1.e4 e6 2.d4 d5 3.Nd2 Nc6 4.c3 e5 5.dxe5 Nxe5 6.Ndf3 Nxf3+ 7.Nxf3 Nf6 8.e5 Ne4
9.Bd3 Bc5 10.Bxe4 dxe4 11.Qa4+ Bd7 12.Qxe4 Bc6 13.Qe2 a5 14.O-O O-O 15.Be3 Qe7
16.Bd4 Rad8 17.Qe3 Bxd4 18.Nxd4 Bd5 19.Rad1 g6 20.b3 b6 21.Rde1 Bb7 22.Qh6 Rd5
23.f4 f6 24.exf6 Qxf6 25.Ne6 Rf7 26.Ng5 Re7 27.Nxh7  1-0

[Event "Espoo op"]
[Site "Espoo"]
[Date "1989.??.??"]
[Round "4"]
[White "Nokso Koivisto, A."]
[Black "Kekki, Petri"]
[Result "1-0"]
[WhiteElo "2310"]
[BlackElo "2305"]

1.e4 e6 2.d4 d5 3.Nd2 Nc6 4.Ngf3 Nf6 5.e5 Nd7 6.Nb3 a5 7.a4 b6 8.Bb5 Bb7
9.O-O Ne7 10.Bd3 Qc8 11.c4 dxc4 12.Bxc4 Bd5 13.Bxd5 Nxd5 14.Ng5 h6 15.Qh5 g6
16.Qh3 Qb7 17.Bd2 Bg7 18.Ne4 Ne7 19.Nc3 Rd8 20.Rac1 Nb8 21.Rfe1 Rd7 22.Nb5 Na6
23.Rc2 h5 24.Rec1 O-O 25.Bg5 Nf5 26.Rc4 Qd5 27.f4 Ra8 28.Qc3 Bf8 29.Qd3 Nc5
30.Nxc5 Bxc5 31.Kh1 Rc8 32.Nc3 Qb7 33.Ne4 Rxd4 34.Nf6+ Kg7 35.Rxd4 Bxd4 36.b3 c5
37.Qh3 Ne3 38.Re1 c4 39.bxc4 Rxc4 40.Ne8+ Kg8 41.Nd6 Qd5 42.Nxc4 Qxc4 43.Qf3 Nd5
44.f5 Qc3 45.Qe2 gxf5 46.Rc1 Qb4 47.Qxh5 Bc5 48.Bf6 Nxf6 49.Qg5+ Kf8 50.exf6 Qxa4
51.h3 Qd7 52.Qh5 Kg8 53.Rxc5  1-0

[Event "FRA-chT"]
[Site "?"]
[Date "1989.??.??"]
[Round "?"]
[White "Roos, Daniel"]
[Black "Renet, Olivier"]
[Result "0-1"]
[WhiteElo "2370"]
[BlackElo "2480"]

1.e4 e6 2.d4 d5 3.Nd2 a6 4.Ngf3 c5 5.exd5 exd5 6.Be2 c4 7.O-O Bd6 8.b3 b5
9.Re1 Ne7 10.a4 c3 11.Nf1 b4 12.Ne5 O-O 13.Bf4 a5 14.h3 Na6 15.Bh2 Nc7 16.Ne3 f6
17.Nf3 Ne6 18.Bb5 Ra7 19.Nh4 Bxh2+ 20.Kxh2 Qd6+ 21.g3 Ng5 22.Bf1 f5 23.f4 Ne4
24.Nf3 Qg6 25.Ng5 Nxg5 26.fxg5 Qxg5 27.Ng2 Ng6 28.Qf3 f4 29.g4 Ba6 30.Re6 Bxf1
31.Rxf1 Qd8 32.Rfe1 Re7 33.Rxe7 Nxe7 34.Re5 Qd6 35.h4 Ng6 36.Qxd5+ Qxd5 37.Rxd5 f3
38.Ne3 Re8 39.h5 Rxe3 40.hxg6 hxg6 41.Rxa5 Re2+ 42.Kg3 f2 43.Kg2 Rxc2 44.Rc5 Rd2  0-1

[Event "FRA-chT"]
[Site "?"]
[Date "1989.??.??"]
[Round "?"]
[White "Renet, Olivier"]
[Black "Gallagher, Joseph G"]
[Result "1-0"]
[WhiteElo "2480"]
[BlackElo "2405"]

1.e4 e6 2.d4 d5 3.Nd2 a6 4.Ngf3 c5 5.dxc5 Bxc5 6.Bd3 Nf6 7.O-O Nc6 8.Qe2 Qc7
9.h3 Ba7 10.Re1 b5 11.e5 Nd7 12.Nb3 Bb7 13.c3 Nb6 14.Nbd4 Na4 15.Be3 Nc5
16.Nxc6 Bxc6 17.Bc2 Bd7 18.Bd4 h6 19.Rac1 Qb7 20.Qe3 Na4 21.b3 Bxd4 22.cxd4 Nb6
23.Bb1 Rc8 24.Rc5 Rc6 25.Rec1 Nc8 26.h4 Ne7 27.h5 O-O 28.Qd3 Rfc8 29.Qh7+ Kf8
30.Qh8+ Ng8 31.Bh7 Ke7 32.Bxg8 Qa8 33.Qxg7 Rxg8 34.Qxh6 Rxc5 35.Rxc5 Qf8
36.Qf6+ Ke8 37.Rc7 Qg7 38.Qxg7 Rxg7 39.Ra7 Rh7 40.Ra8+ Ke7 41.g4  1-0

[Event "FRA-chT"]
[Site "?"]
[Date "1989.??.??"]
[Round "?"]
[White "Boulard, Eric"]
[Black "Gallagher, Joseph G"]
[Result "1/2-1/2"]
[WhiteElo "2260"]
[BlackElo "2405"]

1.e4 e6 2.d4 d5 3.Nd2 a6 4.Ngf3 c5 5.exd5 exd5 6.dxc5 Bxc5 7.Bd3 Nf6 8.Nb3 Bb6
9.Qe2+ Be6 10.Nbd4 Qe7 11.O-O O-O 12.Bf5 Nc6 13.Nxe6 Rae8 14.Re1 fxe6 15.Qxe6+ Qxe6
16.Bxe6+ Kh8 17.Be3 Ba5 18.Bd2 Bxd2 19.Nxd2 Nd4 20.Bh3 Nxc2 21.Rxe8 Rxe8
22.Rc1 Nb4 23.Rc8 Nxa2 24.Bd7 Rg8 25.Be6 Rxc8 26.Bxc8 Nb4 27.Bxb7 Kg8 28.Kf1 Kf7
29.Bc8 Ke7 30.Ke2 Kd6 31.f4 Kc5 32.Bf5 Nc6 33.Bb1 a5 34.g3 h6 35.h3 Nh5 36.Kf3 Nd4+
37.Kf2 a4 38.Bg6 Nf6 39.g4 Ne6 40.Ke3 d4+ 41.Kf3 Nd5 42.f5 Ng5+ 43.Kg3 Nf6
44.h4 Nge4+ 45.Nxe4+ Nxe4+ 46.Kf4 d3 47.g5 Kd4 48.Bh5 hxg5+ 49.hxg5 d2 50.Bd1 Nc5
51.f6 gxf6 52.gxf6 Nd3+ 53.Kf3 Kd5 54.Ke3 Ne5 55.Kxd2 Ke6 56.Kc3 Kxf6  1/2-1/2

[Event "Bundesliga 8889"]
[Site "Germany"]
[Date "1989.??.??"]
[Round "?"]
[White "Ueter, Heinz Dieter"]
[Black "Hecht, Hans Joachim"]
[Result "1/2-1/2"]
[WhiteElo "2275"]
[BlackElo "2430"]

1.e4 e6 2.d4 d5 3.Nd2 Nc6 4.Ngf3 g6 5.c3 Bg7 6.Bd3 Nge7 7.O-O O-O 8.Re1 b6
9.e5 f6 10.exf6 Bxf6 11.Nf1 Nf5 12.Bf4 Bg7 13.Qd2 Nd6 14.b3 Bd7 15.h3 Nf7
16.N1h2 Ne7 17.Ng4 Nf5 18.Nge5 N5d6 19.Re2 Nxe5 20.Nxe5 Nf7 21.Nf3 c5 22.Rae1 cxd4
23.cxd4 Qe7 24.Bb1 Nd6 25.Ng5 Rae8 26.a4 Nf5 27.Nxe6 Bxe6 28.Rxe6 Qxe6 29.Rxe6 Rxe6
30.Bxf5 Rxf5 31.Be3 Rc6 32.Qb4 Rf7 33.Qb5 Rd6 34.Qe8+ Bf8 35.g3 Rfd7 36.Bf4 Rd8
37.Qb5 Re6 38.Be5 Bg7 39.f4 Bxe5 40.fxe5 Re7 41.Qc6 Rf7 42.Kg2 Kg7 43.h4 h5
44.Kh3 Kh6 45.Qc1+ Kg7 46.Qe3 Rdf8 47.Qg5 Rf2 48.e6 Re2 49.Qe7+ Kg8 50.Qd7 Rff2
51.Qd8+ Kg7 52.Qe7+ Kh6 53.Qg5+  1/2-1/2

[Event "Bundesliga 8889"]
[Site "Germany"]
[Date "1989.??.??"]
[Round "?"]
[White "Ueter, Heinz Dieter"]
[Black "Mueller, Karsten"]
[Result "0-1"]
[WhiteElo "2275"]
[BlackElo "2265"]

1.e4 e6 2.d4 d5 3.Nd2 a6 4.c3 c5 5.e5 Nc6 6.Ngf3 f6 7.Bd3 Qc7 8.O-O Bd7 9.Re1 O-O-O
10.Nf1 Nge7 11.Ng3 Ng6 12.Qe2 Be7 13.Nh5 fxe5 14.dxe5 Rdf8 15.Bxg6 hxg6 16.Nf4 Rh6
17.Nh3 Rh5 18.Nfg5 Rf5 19.f4 Rh8 20.Qc2 Rh6 21.Nf3 Rxh3 22.gxh3 g5 23.Qg2 gxf4
24.Qxg7 Qd8 25.Kh1 d4 26.Bd2 Na5 27.cxd4 Bc6 28.Qg2 Nc4 29.Rf1 Qd5 30.Rae1 Rg5  0-1

[Event "BL2-W8889"]
[Site "Germany"]
[Date "1989.??.??"]
[Round "?"]
[White "Schlehoefer, Ralf"]
[Black "King, Daniel J"]
[Result "0-1"]
[WhiteElo "2310"]
[BlackElo "2500"]

1.e4 e6 2.d4 d5 3.Nd2 a6 4.Ngf3 c5 5.c3 Nc6 6.Bd3 dxe4 7.Nxe4 cxd4 8.cxd4 Be7
9.O-O Nf6 10.Bf4 O-O 11.Rc1 Bd7 12.a3 Be8 13.Qe2 Nd5 14.Bg3 Qb6 15.Rfd1 Rd8
16.Bb1 g6 17.Nc3 Nxc3 18.Rxc3 Bf6 19.Ba2 Nxd4 20.Nxd4 Rxd4 21.Rxd4 Bxd4 22.Rb3 Bb5
23.Qd2 Rd8 24.h4 Bf6 25.Qh6 Bg7 26.Qg5 h6  0-1

[Event "Bundesliga 8889"]
[Site "Germany"]
[Date "1989.??.??"]
[Round "?"]
[White "Popovic, Petar"]
[Black "Hausner, Ivan"]
[Result "1-0"]
[WhiteElo "2535"]
[BlackElo "2445"]

1.e4 e6 2.d4 d5 3.Nd2 Be7 4.Bd3 c5 5.dxc5 Nf6 6.Qe2 Nc6 7.Ngf3 Bxc5 8.O-O Qc7
9.a3 Be7 10.c4 dxe4 11.Nxe4 b6 12.b4 Bb7 13.Bb2 Nxe4 14.Bxe4 Bf6 15.Rac1 Bxb2
16.Qxb2 O-O 17.c5 b5 18.Rfd1 Rad8 19.h3 h6 20.Qe2 a6 21.Rxd8 Rxd8 22.Rd1 Rxd1+
23.Qxd1 Kf8 24.Qd2 Ke8 25.Qc3 Kf8 26.Ne5 Nxe5 27.Bxb7 Qxb7 28.Qxe5 Qc6 29.Qb8+ Ke7
30.Qh8 Qe4 31.Qxg7 Qe1+ 32.Kh2 Qxf2 33.Qxh6 Qd4 34.Qg5+ Kd7 35.h4 a5 36.bxa5 f6
37.Qg3 Qxc5 38.Qg7+ Kc6 39.Qxf6 Qxa3 40.Qxe6+ Qd6+ 41.Qxd6+ Kxd6 42.a6  1-0

[Event "Bundesliga 8889"]
[Site "Germany"]
[Date "1989.??.??"]
[Round "?"]
[White "Wahls, Matthias"]
[Black "Hausner, Ivan"]
[Result "1-0"]
[WhiteElo "2535"]
[BlackElo "2445"]

1.e4 e6 2.d4 d5 3.Nd2 Be7 4.Bd3 c5 5.dxc5 Nf6 6.exd5 Qxd5 7.Ngf3 Qxc5 8.O-O Nbd7
9.a3 Qc7 10.c4 b6 11.b4 Bb7 12.Re1 O-O 13.Qb3 Rad8 14.Bb2 Qf4 15.Qc3 Qh6
16.Rad1 Rfe8 17.Qc2 a5 18.Qb3 axb4 19.axb4 Nf8 20.Bd4 N8d7 21.Ne4 Bxe4 22.Bxe4 Nxe4
23.Rxe4 Qg6 24.Re2 Qh5 25.Red2 e5 26.Be3 e4 27.Ne1 Ne5 28.Bxb6 Rxd2 29.Rxd2 Nf3+
30.Nxf3 exf3 31.Qxf3 Bd6 32.Kf1 Qxh2 33.Be3 Bxb4 34.Rd1 Bc5 35.Rd7 Kh8 36.Qxf7 Qe5
37.Qd5 Qa1+ 38.Qd1 Qxd1+ 39.Rxd1 Bxe3 40.fxe3 Kg8 41.Ke2 Rc8 42.Rd4 Kf7 43.Kd3 Ke6
44.Rd5 Ra8 45.g4 h6 46.Kd4 Ra1 47.Re5+ Kd6 48.c5+ Kd7 49.g5 Rh1 50.e4 h5
51.Rd5+ Kc8 52.Ke5 h4 53.Kd6 Rc1 54.Rf5 Rd1+ 55.Ke6 h3 56.Rf8+ Rd8 57.Rf2 Re8+
58.Kd5 Rh8 59.Rh2 Kd7 60.e5 Rh5 61.c6+ Kc7 62.Ke6 Kxc6  1-0

[Event "Groningen op"]
[Site "Groningen"]
[Date "1989.??.??"]
[Round "8"]
[White "Ermenkov, Evgenij"]
[Black "Legky, Nikolay A"]
[Result "1/2-1/2"]
[WhiteElo "2490"]
[BlackElo "2420"]

1.e4 e6 2.d4 d5 3.Nd2 a6 4.Ngf3 c5 5.exd5 exd5 6.Be2 c4 7.O-O Bd6 8.b3 cxb3
9.axb3 Ne7 10.Ba3 O-O 11.Ne5 Nbc6 12.Ndf3 Bf5 13.Qd2 Rc8 14.Bxd6 Qxd6 15.c3 Ng6
16.Nd3 Rc7 17.Rfe1 a5 18.Bf1 b6 19.Re3 Nb8 20.Nfe5 Nd7 21.Nxd7 Qxd7 22.Ne5 Qd6
23.Nxg6 Bxg6 24.g3 Be4 25.f3 Bf5 26.Re5 Bd7 27.Bd3 Rfc8 28.Re3 Kf8 29.Ba6 Ra8
30.Bf1 Rac8 31.Bg2 Re8 32.Rae1 Rxe3 33.Qxe3 Qe6 34.f4 Qxe3+ 35.Rxe3 Be6 36.f5 Bxf5
37.Bxd5 Re7 38.Kf2 Bc2 39.Rxe7 Kxe7 40.Ke3 g5 41.Kd2 Bb1 42.c4 Bf5 43.Bf3 Kd6
44.Kc3 Bd7 45.b4 axb4+ 46.Kxb4 f5 47.Kc3 h6 48.Kd3 Bc8 49.Ke3 Bd7 50.Be2 Bc8
51.Bd3 Bd7 52.h4 Bc8 53.hxg5 hxg5  1/2-1/2

[Event "Haifa zt (Women)"]
[Site "Haifa"]
[Date "1989.??.??"]
[Round "?"]
[White "Lauterbach, Ingrid"]
[Black "Ehrke, Anja"]
[Result "1-0"]
[WhiteElo "2170"]
[BlackElo "2210"]

1.e4 e6 2.d4 d5 3.Nd2 Nc6 4.c3 dxe4 5.Nxe4 Qd5 6.Bd3 e5 7.Qe2 Be6 8.f4 exf4
9.Nf3 O-O-O 10.Bxf4 h6 11.O-O g5 12.Be5 Nxe5 13.Nxe5 Re8 14.Bc4 Qa5 15.Bxe6+ fxe6
16.Ng6 Bg7 17.Nxh8 Bxh8 18.Nc5 Nf6 19.Rae1 b6 20.Qa6+ Qxa6 21.Nxa6 Nd5 22.a3 Nf4
23.Nb4 a5 24.Nc6 Nd3 25.Re2 Kb7 26.Ne5 Bxe5 27.dxe5 Kc6 28.g3 Kd5 29.Rd1 Kc4
30.Re4+  1-0

[Event "EU-chT"]
[Site "Haifa"]
[Date "1989.??.??"]
[Round "3"]
[White "Brynell, Stellan"]
[Black "Prie, Eric"]
[Result "0-1"]
[WhiteElo "2485"]
[BlackElo "2405"]

1.e4 e6 2.d4 d5 3.Nd2 Nc6 4.Ngf3 Nf6 5.e5 Nd7 6.Bd3 f6 7.Ng5 Ndxe5 8.dxe5 fxg5
9.Qh5+ g6 10.Bxg6+ Kd7 11.Bd3 Nxe5 12.Nf3 Bb4+ 13.Kf1 Nxf3 14.gxf3 Be7 15.Bd2 Qe8
16.Qxe8+ Kxe8 17.Bc3 Rf8 18.Bxh7 Rxf3 19.Kg2 Rf4 20.Be5 Rh4 21.Bg6+ Kd7 22.Rae1 Bd6
23.Rhg1 Rg4+ 24.Bg3 Ra4 25.a3 Ke7 26.Re3 Bd7 27.Rge1 Bf4 28.R3e2 Kf6 29.Bd3 Re8
30.Bxf4 Rxf4 31.Re5 Rh8 32.R5e3 d4 33.Rg3 Bc6+ 34.f3 g4 35.Be4 gxf3+ 36.Rxf3 Bxe4
37.Rxe4 Rxf3 38.Kxf3 Rxh2 39.Rxd4 Rxc2 40.Rd7 Rxb2 41.Rxc7 Ke5 42.Ke3 Rb3+
43.Kd2 Kd6 44.Rh7 a5 45.a4 Rb4 46.Kc3 b6 47.Rb7 Kc6 48.Re7 Kd5 49.Rd7+ Ke4
50.Rh7 e5 51.Rh6 Kd5 52.Rg6 Rc4+ 53.Kd3 e4+ 54.Kd2 Rd4+ 55.Kc3 Rd3+ 56.Kc2 Kc5
57.Re6 Rd4 58.Re5+ Kd6  0-1

[Event "NLD-ch"]
[Site "Hilversum"]
[Date "1989.??.??"]
[Round "5"]
[White "Van der Wiel, John TH"]
[Black "Blees, Albert"]
[Result "1/2-1/2"]
[WhiteElo "2560"]
[BlackElo "2345"]

1.e4 e6 2.d4 d5 3.Nd2 a6 4.Ngf3 c5 5.exd5 exd5 6.dxc5 Bxc5 7.Nb3 Ba7 8.Bg5 Ne7
9.Bd3 h6 10.Bf4 Nbc6 11.Qd2 Bg4 12.O-O-O a5 13.Rde1 a4 14.Na1 Bxf3 15.gxf3 Bd4
16.c3 Bf6 17.a3 Qb6 18.Kb1 d4 19.c4 Qc5 20.h4 Nd8 21.Qe2 Ra6 22.Bd2 Re6 23.Qd1 Qc6
24.Reg1 Qd7 25.Nc2 Rb6 26.c5 Rb3 27.Nb4 Ne6 28.Qc2 O-O 29.Bxh6 Rc8 30.Bg5 Be5
31.Qe2 Rxc5 32.f4 Bxf4 33.Bf6 Kf8 34.Bg5 Be5 35.Qh5 Ng8 36.Qh8 f5 37.Bc1 Qf7
38.Qh7 Bf4 39.Rg6 Nf6 40.Qh8+ Qg8 41.Rxf6+ gxf6 42.Qxf6+ Qf7 43.Qh8+ Qg8
44.Qf6+ Qf7  1/2-1/2

[Event "HUN-ch"]
[Site "?"]
[Date "1989.??.??"]
[Round "?"]
[White "Varga, Zoltan"]
[Black "Kallai, Gabor"]
[Result "1-0"]
[WhiteElo "2425"]
[BlackElo "2430"]

1.e4 e6 2.d4 d5 3.Nd2 Be7 4.Ngf3 Nf6 5.Bd3 c5 6.c3 cxd4 7.cxd4 dxe4 8.Nxe4 Nc6
9.O-O O-O 10.Nxf6+ Bxf6 11.Be3 Qd6 12.Qe2 Nb4 13.Be4 Nd5 14.Bg5 Bxg5 15.Nxg5 Nf6
16.Nf3 Rb8 17.Rad1 Qa6 18.Bd3 Qxa2 19.Ra1 Qd5 20.Rxa7 Bd7 21.Bc4 Qd6 22.Rd1 Bc6
23.Ne5 Bd5 24.b3 Ra8 25.Rxa8 Rxa8 26.h3 h6 27.Qd2 Rc8 28.Qa5 Be4 29.Qb5 Ra8
30.Rd2 b6 31.Be2 Bd5 32.Rd1 Ra5 33.Qd3 Qb4 34.Rc1 Ra8 35.Bf3 Qd6 36.Bxd5 Qxd5
37.Rc7 Rd8 38.Nxf7 Qxd4 39.Nxh6+ Kh8 40.Nf7+ Kg8 41.Qg3 Ne4 42.Qh4 g5 43.Nxg5 Qd1+
44.Kh2 Qd6+ 45.f4 Qxc7 46.Nxe6  1-0

[Event "URS-chTJ"]
[Site "Kramatorsk"]
[Date "1989.??.??"]
[Round "?"]
[White "Akopian, Vladimir"]
[Black "Dreev, Alexey"]
[Result "1/2-1/2"]
[WhiteElo "2520"]
[BlackElo "2570"]

1.e4 e6 2.d4 d5 3.Nd2 a6 4.Ngf3 c5 5.exd5 exd5 6.dxc5 Bxc5 7.Nb3 Bb6 8.Be2 Nf6
9.O-O O-O 10.Bf4 Nc6 11.Nfd4 Re8 12.c3 Ne4 13.Re1 Qf6 14.Be3 Bd7 15.Bf1 Ne5
16.f3 Nd6 17.Bf2 Qg6 18.Rc1 a5 19.Na1 Bf5 20.Nac2 Ndc4 21.Nxf5 Bxf2+ 22.Kxf2 Qxf5
23.Kg1 Qg5 24.Kh1 Ng6 25.Qd4 Nxb2 26.Ne3 Nf4 27.g3 Ne6 28.Qxd5 Rad8 29.Qxb7 Nd3
30.Bxd3 Rxd3 31.Qe4 Rd2 32.a4 Qh5 33.Nf1 Rf2 34.f4 h6 35.Rc2 Rxc2 36.Qxc2 Rd8
37.Qg2 Nc5 38.Ne3 Nxa4 39.c4 Nc3 40.Ra1 Rd3 41.Re1 a4 42.Nd5 Nxd5 43.g4 Qg6
44.cxd5 a3 45.Qc2 Kh7 46.Qc4 Rd2 47.Qc3 Rd3 48.Qc4 Rd2 49.Qc3 Qd3 50.Qxd3+ Rxd3
51.Ra1 Kg6 52.d6 Kf6 53.f5 g6 54.Kg2 h5 55.gxh5 gxh5 56.Kf2 h4 57.Ke2 Rb3
58.Rd1 a2 59.d7 Rb8 60.Rd6+ Ke7 61.d8=Q+ Rxd8 62.Ra6 Rg8  1/2-1/2

[Event "Lugano op"]
[Site "Lugano"]
[Date "1989.??.??"]
[Round "1"]
[White "Milosevic, Goran"]
[Black "Tukmakov, Vladimir B"]
[Result "1-0"]
[WhiteElo "2330"]
[BlackElo "2590"]

1.e4 e6 2.d4 d5 3.Nd2 a6 4.Ngf3 c5 5.exd5 exd5 6.Be2 c4 7.O-O Bd6 8.Re1 Ne7
9.Bf1 O-O 10.b3 cxb3 11.axb3 Nbc6 12.c3 Bf5 13.Nh4 Be6 14.Bd3 Qd7 15.Ndf3 f6
16.Qe2 Bf7 17.Qc2 h6 18.Nf5 Nxf5 19.Bxf5 Qc7 20.g3 Ne7 21.Bh7+ Kh8 22.Nh4 Qd7
23.Bd2 Be6 24.Bd3 g5 25.Ng2 Kg7 26.Re2 Bg4 27.Re3 Nf5 28.Ree1 Rac8 29.Qb1 Bh3
30.Bf1 Rce8 31.Qd3 Ne7 32.Qc2 h5 33.f4 h4 34.gxh4 Bf5 35.Bd3 Bxd3 36.Qxd3 g4
37.Re2 Nf5 38.Rae1 Rxe2 39.Qxe2 Kh6 40.Qxg4 Rg8 41.Qxg8  1-0